Készpénz helyettesítő eszközök az Y generáció szemszögéből

Bibliographic Details
Main Author: Szabó Donát
Other Authors: Forgács Dr. Anna
Format: Thesis
Kulcsszavak:Y generáció
Bankkártya
Elektronikus fizetés
Online Access:http://dolgozattar.uni-bge.hu/13858

MARC

LEADER 00000nta a2200000 i 4500
001 dolg13858
005 20180312132908.0
008 171211suuuu hu om 000 hun d
040 |a BGE Dolgozattár Repozitórium  |b hun 
041 |a hu 
100 1 |a Szabó Donát 
245 1 0 |a Készpénz helyettesítő eszközök az Y generáció szemszögéből  |c Szabó Donát  |h [elektronikus dokumentum] 
695 |a Y generáció 
695 |a Bankkártya 
695 |a Elektronikus fizetés 
700 1 |a Forgács Dr. Anna  |e ths 
856 4 0 |u http://dolgozattar.uni-bge.hu/13858/1/Szabo_Donat_FELQOD.pdf  |z Dokumentum-elérés